000 00308nam a22001337a 4500
008 170801b xxu||||| |||| 00| 0 eng d
020 _a3890280439
041 _ager
080 _a004
100 _a32
101 _aSHK
245 _aINFORMATIK- EINE PC- ORIENTIERTE EINFUHRUNG
_cSOMMER,M
942 _2udc
_cBK
999 _c22423
_d22423